De la Investigación Interdisciplinaria a la Acción Participativa: Trabajo Familiar y Niveles de Conciencia en el Medio Rural /

Resultados de una investigación sobre las formas de trabajo y los niveles de conciencia de la unidad de explotación familiar tambera. Se trabaja en una perspectiva interdisciplinaria y a partir de esquemas conceptuales amplios (relaciones de producción, clases sociales, circuitos de producción y dis...

詳細記述

保存先:
書誌詳細
第一著者: Sobrino, Encarnación (autor)
フォーマット: 図書
言語:スペイン語
出版事項: Buenos Aires, Argentina : Humanitas : Centro de Investigaciones para el Desarrollo Regional, 1989
シリーズ:(Guidance)
主題:
タグ: タグ追加
タグなし, このレコードへの初めてのタグを付けませんか!

MARC

LEADER 00000nam^a2200000^a^4500
001 000026854
005 20250521000000.0
009 20260310084748.651
020 |a 950-582-249-x 
037 |a Acervo ITESO - Biblioteca 
041 |a ESP 
082 |a 306. 3  |b SOB 
100 |a Sobrino, Encarnación  |e (autor) 
245 1 0 |a De la Investigación Interdisciplinaria a la Acción Participativa: Trabajo Familiar y Niveles de Conciencia en el Medio Rural /  |c E. Sobrino 
264 1 |a Buenos Aires, Argentina :  |b Humanitas :  |b Centro de Investigaciones para el Desarrollo Regional,  |c 1989 
300 |a 209 p. 
336 |a texto  |b txt  |2 rdacontenido 
337 |a sin mediación  |b n  |2 rdamedio 
338 |a volumen  |b nc  |2 rdasoporte 
440 1 |a (Guidance) 
520 |a Resultados de una investigación sobre las formas de trabajo y los niveles de conciencia de la unidad de explotación familiar tambera. Se trabaja en una perspectiva interdisciplinaria y a partir de esquemas conceptuales amplios (relaciones de producción, clases sociales, circuitos de producción y distribución) que posibilitan una explicación histórico-estructural y agroecológica de las situaciones de trabajo. La metodología de trabajo es la investigación-participante. 
649 |a XX 
650 |a Sociología Laboral -  |x Investigación 
650 |a Investigación-Acción 
650 |a Investigación-Acción 
910 |a Fondo General 
920 |a Impresos - Libros 
930 |a Colección General 
905 |a 101 
901 |a 0268540100  |b IT1  |c ACC  |i 026854  |u 20250521 
902 |a https://opac.biblio.iteso.mx/vufind/Record/000026854